000 01016nas a2200289 4500
001 BR2017000057
003 BR-BrBNA
005 20231205130808.0
007 ta
008 230509b bl.|||p| |||| 00| 00por d
040 _aBR-BrBNA
_bpor
_cBiblioteca Nacional de Agricultura
041 _a(En)
072 _aP01
100 1 _aSiqueira, M.N.
100 1 _aMorais, A.R.
100 1 _aFaria, K.M. da S.
100 1 _aCastro, S.S.
245 1 _aEcological aspects related to ligneous vegetation in the permanent preservation areas of Mineiros - Goiás, in light of the new native vegetation protection policy - Law 12.651/20121
650 _aMEIO AMBIENTE
650 _aPERDA
650 _aLEGISLAÇÃO
650 _aPRESERVAÇÃO DA NATUREZA
773 0 _tRevista Árvore (Brazil)
_xISSN 1806-9088
_g(Jul-Aug 2016), v. 40(4) p. 575-584
_wBR2017000057
856 4 0 _uhttp://www.scielo.br/pdf/rarv/v40n4/0100-6762-rarv-40-04-0575.pdf
909 _a202311
_bLúcia
_c55
_dLúcia Elande
942 _2AGRIS
_n0
_cANA
999 _c251301
_d251301